| 000 | 00781nam a22002057a 4500 | ||
|---|---|---|---|
| 999 |
_c9182 _d9182 |
||
| 003 | AR-CdUCM | ||
| 008 | 190327b ||||| |||| 00| 0 spa d | ||
| 040 |
_aMUNICIPALIDAD PROVINCIAL DEL CUSCO _cBIBLIOTECA MUNICIPAL DEL CUSCO |
||
| 082 |
_a540 / _bP88 |
||
| 100 |
_aPowell, Virginia P. _925238 |
||
| 245 |
_aNociones de química : _bSerie programada / |
||
| 260 |
_aMéxico : _bLimusa, _c1970. |
||
| 300 |
_a5 volúmenes ; _c24 cm. |
||
| 505 | _aContenido : V.1:Simbolos químicos --V.2:Formulas químicas y nombres de compuestos --V.3 :Calculos de pesos moleculares --V.4:Relaciones de pero y volumen --V.5:Balanceo de ecuaciones químicas / | ||
| 650 |
_aQuímica _94512 |
||
| 650 |
_aProblemas _99246 |
||
| 650 |
_aEnseñanza _91616 |
||
| 942 |
_2ddc _cLIBROS |
||
| 945 | _arjall | ||